| 000 | 00534nam a2200193Ia 4500 | ||
|---|---|---|---|
| 005 | 20250923145056.0 | ||
| 008 | 008 250917s9999 xx 000 0 eng d | ||
| 037 | _aTextual | ||
| 040 |
_aDSWL _beng _cDSWL |
||
| 041 |
_aeng _2eng |
||
| 084 |
_aYX,A-ZA;5x1, N50 _qDSWL |
||
| 245 | 0 |
_aToward family statbility _cEd.by J.H.S. Bossard |
|
| 260 |
_aPhiladelphia _b. _c1950 |
||
| 300 | _a36p. | ||
| 365 |
_aINR _b10.80 |
||
| 925 | _g10.80 | ||
| 942 |
_cTEXL _hYX,A-ZA;5x1, N50 |
||
| 999 |
_c1446794 _d1446794 |
||